| 000 | 03153namaa2200469uu 4500 | ||
|---|---|---|---|
| 001 | doab134634 | ||
| 003 | oapen | ||
| 005 | 20260218110447.0 | ||
| 006 | m o d | ||
| 007 | cr|mn|---annan | ||
| 008 | 240223s2024 xx |||||o ||| 0|eng d | ||
| 020 | _a9781003397205 | ||
| 020 | _a9781003397205 | ||
| 020 | _a9781003818168 | ||
| 020 | _a9781032501772 | ||
| 024 | 7 |
_a10.4324/9781003397205 _2doi |
|
| 040 |
_aoapen _coapen _d |
||
| 041 | 0 | _aeng | |
| 042 | _adc | ||
| 720 | 1 |
_aSchultz, Mario D. _4aut |
|
| 245 | 0 | 0 |
_aManaging Sustainable Luxury and Digitalization _bTechnology Trends and Ethical Challenges in the Swiss Luxury Watch Business |
| 260 |
_bTaylor & Francis _c2024 |
||
| 300 | _a1 online resource (140 p.) | ||
| 336 |
_atext _btxt _2rdacontent |
||
| 337 |
_acomputer _bc _2rdamedia |
||
| 338 |
_aonline resource _bcr _2rdacarrier |
||
| 490 | 1 | _aRoutledge Studies in Luxury Management | |
| 506 | 0 |
_fUnrestricted online access _2star |
|
| 520 | _aThis book offers new transdisciplinary perspectives on luxury, exploring the topical phenomenon of digitally retouched (censored) and blockchain-secured (sensored) luxury watches and outlining implications that emerge for the field of luxury studies and managerial practice. Based on a cross-disciplinary approach, the book integrates theoretical and empirical perspectives to advance the readers' understanding of luxury. With a particular focus on the Swiss luxury watch context, the book thereby draws on qualitative, quantitative, and archival data to shed new light on recent luxury trends, integrating literature on aesthetics of labour, conspicuous consumption, Gestalt theory, ethical theory, functional theories of attitudes, and surveillance studies. Eight chapters take the readers through a range of topical challenges arising with the display and changing moral perceptions of luxury and shifts that the luxury watch sector is facing in light of the digital transformation impacting luxury goods and the luxury management environment. This unique book will be of value for academics, scholars, and upper-level students across management studies with a particular interest in the luxury and fashion industries, luxury management, brand management, business ethics, and digital transformation. With a foreword by Thomaï Serdari, Leonard N. Stern School of Business, New York University. | ||
| 536 | _aSchweizerischer Nationalfonds zur Förderung der Wissenschaftlichen Forschung | ||
| 540 |
_aCreative Commons _fhttps://creativecommons.org/licenses/by-nc-nd/4.0/ _2cc _uhttps://creativecommons.org/licenses/by-nc-nd/4.0/ |
||
| 546 | _aEnglish | ||
| 650 | 7 |
_aBusiness strategy _2bicssc |
|
| 650 | 7 |
_aEconomics _2bicssc |
|
| 650 | 7 |
_aFashion and beauty industries _2bicssc |
|
| 650 | 7 |
_aResearch and development management _2bicssc |
|
| 650 | 7 |
_aSales and marketing _2bicssc |
|
| 720 | 1 |
_aSeele, Peter _4aut |
|
| 793 | 0 | _aDOAB Library. | |
| 856 |
_uhttps://docs.google.com/spreadsheets/d/1yKIrdCPDAG_9c22mwoOIO2DOhtj65Wqa/edit?usp=sharing&ouid=106555315294820607512&rtpof=true&sd=true _yList of Curated E-Books |
||
| 942 | _cE-BOOK | ||
| 999 |
_c81348 _d81347 |
||